000
00304nam a22001337a 4500
008
170519b xxu||||| |||| 00| 0 eng d
020
_a
9780739112731
041
_a
eng
080
_a
94
100
_a
16
101
_a
SHH
245
_a
WRITING THE ARAB-ISRAELI CONFLICT
_c
ISACOFF, J.B
942
_2
udc
_c
BK
999
_c
13518
_d
13518